000 00705nam a22002292 4500
001 0000023915
005 20151217152251.0
008 130416s xx 000 0 eng d
020 _a0199534456 :
040 _aKABU
_cKABU
245 1 0 _aFoundation clinical nursing skills /
_cedited by Charles Docherty and Jacqueline McCallum.
250 _a1st ed.
260 _aOxford :
_bO. U. P.,
_c2009.
300 _axx, 490 p.
650 0 _aNursing care.
_@0000179336
650 0 _aNursing.
_@0000155852
700 1 _aDocherty, Charles.
_@0000183700
700 1 _aMcCallum, Jacqueline.
_@0000183701
852 1 _903020 KES
908 _a130416
950 _@1
999 _c10050
_d10050